000 00603nam a2200193 ar4500
001 1189
005 20221127090148.0
008 090311s xxu 0001f|eng d
020 _a0060501197 :
_cSR201.00
082 0 4 _a813.54
_bOa8 2006
100 1 _aOates, Joyce Carol.
245 1 0 _aHigh lonesome :
_bnew & selected stories, 1966-2006 /
_cJoyce Oates.
250 _a1st ed.
260 _aNew York :
_bECCO,
_c2006.
300 _aviii, 664 p. ;
_c24 cm.
650 4 _aSocial life and customs
_vFiction.
650 4 _aAmerican fiction
_y20th century.
651 4 _aUnited States
_xLife and customs
_vFiction.
999 _c1188
_d1188